[Event "Venice Province-ch 71st"]
[Site "Venice Mestre"]
[Date "2011.11.16"]
[Round "5"]
[White "Visentin, Ruggero"]
[Black "Perissotto, Mario"]
[Result "1-0"]
[WhiteElo "1634"]
[BlackElo "1652"]
[PlyCount "90"]
[EventDate "2011.01.14"]
[EventType "swiss"]
[EventRounds "5"]
[EventCountry "ITA"]
[SourceTitle "EXT 2022"]
[Source "ChessBase"]
[SourceDate "2021.10.06"]
[SourceVersion "1"]
[SourceVersionDate "2021.10.06"]
[SourceQuality "1"]

1. d4 Nf6 2. c4 d5 3. cxd5 Nxd5 4. Nf3 Bg4 5. e4 Nf6 6. Nc3 h6 7. Be3 e6 8. Qb3 b6 9. Be2 Nbd7 10. h3 Bh5 11. e5 Nh7 12. g4 Bg6 13. h4 h5 14. g5 c5 15. d5 exd5 16. Qxd5 Rc8 17. Bb5 Bf5 18. Rd1 Be6 19. Qe4 g6 20. Nd5 Bxd5 21. Rxd5 Rc7 22. Ke2 Bg7 23. Rhd1 Nhf8 24. Nd2 Qe7 25. Nc4 f6 26. e6 Qxe6 27. Bxd7+ Rxd7 28. Qxe6+ Nxe6 29. Rxd7 fxg5 30. Bxg5 Nd4+ 31. R7xd4 cxd4 32. Kd3 Kf7 33. Re1 Rf8 34. Re7+ Kg8 35. f4 Bf6 36. Rxa7 Bxg5 37. fxg5 b5 38. Ne5 Rf4 39. Nxg6 Rg4 40. Rd7 Rg2 41. b4 Rxa2 42. Rxd4 Rh2 43. Re4 Kg7 44. Ne5 Rh3+ 45. Kd4 Rb3 1-0